La síntesis ecológica / (Record no. 58451)

MARC details
000 -LEADER
campo de control de longitud fija 00521nam a2200181 i 4500
001 - NÚMERO DE CONTROL
campo de control 58451
003 - IDENTIFICADOR DE NÚMERO DE CONTROL
campo de control ES-MaACL
005 - FECHA Y HORA DE LA ÚLTIMA TRANSACCIÓN
campo de control 20230906163818.0
007 - CAMPO FIJO DE DESCRIPCIÓN FÍSICA--INFORMACIÓN GENERAL
campo de control de longitud fija t|
008 - DATOS DE LONGITUD FIJA--INFORMACIÓN GENERAL
campo de control de longitud fija 031022s1978 sp ||||1| spa d
100 1# - ENTRADA PRINCIPAL--NOMBRE DE PERSONA
Nombre de persona Duvigneaud, P.
9 (RLIN) 46390
245 13 - MENCIÓN DEL TÍTULO
Título La síntesis ecológica /
Mención de responsabilidad, etc. P. Duvigneaud ; versión de A. Guiset.
250 ## - MENCION DE EDICION
Mención de edición [1ª ed.].
260 ## - PUBLICACIÓN, DISTRIBUCIÓN, ETC.
Lugar de publicación, distribución, etc. [Madrid] :
Nombre del editor, distribuidor, etc. Alhambra,
Fecha de publicación, distribución, etc. [1978]
300 ## - DESCRIPCIÓN FÍSICA
Extensión XII, 306 p., 16 lám. :
Otras características físicas il. ;
Dimensiones 27 cm.
700 1# - ENTRADA AGREGADA--NOMBRE PERSONAL
Nombre de persona Guiset, A.
9 (RLIN) 60901
852 ## - LOCALIZACIÓN
Ubicación ES-MaACL
Número de control de estantería A-9410
Sublocalización o colección R.98502
Holdings
Estatus retirado Estado de pérdida Estado de daño No para préstamo Biblioteca de origen Biblioteca actual Ubicación en estantería Fecha de adquisición Fuente de adquisición Total de préstamos Signatura topográfica completa Código de barras Visto por última vez Precio de reemplazo Tipo de ítem Koha
        Biblioteca del Ateneo de Madrid Biblioteca del Ateneo de Madrid Depósito 1 17/01/2008     A-9410 1061332 23/02/2023 23/02/2023 Libro impreso